[Event "Young Talents Mukachevo 2020"]
[Site "Mukachevo"]
[Date "2020.11.28"]
[Round "8.3"]
[White "Prokofiev, Valentyn"]
[Black "Osadchuk, Dmitry"]
[Result "1-0"]
[WhiteElo "2095"]
[BlackElo "2173"]
[Annotator "TA"]
[PlyCount "75"]
[EventDate "2020.11.23"]
[EventType "tourn"]
[EventCountry "UKR"]
[SourceTitle "playchess.com"]
[Source "ChessBase"]
[SourceQuality "1"]

{[%evp 13,75,19,12,11,18,11,58,57,57,63,54,57,45,-9,0,-10,-21,-18,-11,-34,-18,-19,56,38,112,-4,38,0,63,60,77,47,56,54,152,135,140,120,168,116,134,151,156,156,134,111,111,96,108,83,199,185,1327,1327,1280,1261,1202,1201,29995,29996,29996,29997,29997,29998]} 1. e4 c5 2. Nf3 d6 3. d4 cxd4 4. Nxd4 Nf6 5. Nc3 a6 6. h3 e5 7. Nde2 b5 8. Bg5 {8.Ng3 is the modern continuation. B90: Sicilian Najdorf: Unusual White 6th moves, 6 Be3 Ng4 and 6 Be3 e5.} Nbd7 9. Nd5 Be7 {[#]} 10. Nxe7 $146 {White is slightly better.} ({Predecessor:} 10. Bxf6 Nxf6 11. Nxf6+ Bxf6 12. Nc3 O-O 13. a4 Bb7 14. axb5 axb5 15. Bxb5 Rxa1 16. Qxa1 {1-0 (54) Baklan,V (2609)-Jarmula,L (2466) Krakow 2017}) 10... Qxe7 11. Ng3 {Threatens to win with Nf5.} g6 12. a4 bxa4 13. Qd2 (13. Rxa4 $14 h6 14. Bxf6 Nxf6 15. Bc4) 13... Nc5 $11 14. f3 Rb8 15. Bd3 Rxb2 {With the idea ...Bd7.} 16. O-O $1 h6 17. Be3 $1 g5 (17... Bd7 $11) 18. Qc3 {[%mdl 1024] White has compensation.} Rb8 (18... Rb6 $14) 19. Bc4 ({White should play} 19. Bxc5 $16 {Hoping for Be3.} dxc5 20. Rxa4) 19... O-O 20. Qd2 (20. Bxc5 $5 dxc5 21. Rxa4 $14) 20... Nh7 (20... Rd8 $11) 21. Rfd1 $14 Rb6 22. Ne2 (22. Bxc5 $5 dxc5 23. Rxa4 $14) 22... Be6 23. Bxe6 Qxe6 {[#]} ({Better is} 23... fxe6 $14 24. Bxc5 dxc5) 24. Ng3 $1 $16 Rc6 25. Nf5 Rfc8 26. Qd5 ({White should try} 26. Nxd6 $18 Rd8 27. Bxc5 Rxc5 28. Qb4 {[%mdl 64] Double Attack} (28. Rxa4 $2 Rc6 $19)) 26... R8c7 27. Bxc5 ({Much worse is} 27. Nxd6 $6 Nf6 $11) 27... Qxd5 28. Rxd5 ({Don't take} 28. exd5 $6 Rxc5 29. Nxh6+ Kf8 $14) 28... Rxc5 29. Rxd6 Nf8 30. Rxa4 Ne6 31. Ne3 Nd4 (31... R5c6 $16 32. Rxa6 Rxd6 33. Rxd6 h5) 32. Raxa6 $18 Nxc2 $2 (32... R5c6 33. Rxh6 Rxh6 34. Rxh6 Kg7) 33. Rd8+ Kh7 34. Nf5 {[%csl Gf5][%cal Ra6h6]} ({Weaker is} 34. Ng4 R7c6 $18) 34... R5c6 {[#]} 35. Raa8 $1 {Threatening mate with Rh8+.} Kg6 36. Rh8 {[%csl Gf5][%cal Rh8h6] White mates.} f6 37. Rag8+ Kf7 38. Rg7+ {Weighted Error Value: White=0.16/Black=0.36} 1-0

[Event "Young Talents Mukachevo 2020"]
[Site "Mukachevo"]
[Date "2020.11.28"]
[Round "9.1"]
[White "Prokofiev, Valentyn"]
[Black "Petrovskiy, Vadim"]
[Result "1/2-1/2"]
[WhiteElo "2095"]
[BlackElo "2108"]
[Annotator "TA"]
[PlyCount "29"]
[EventDate "2020.11.23"]
[EventType "tourn"]
[EventCountry "UKR"]
[SourceTitle "playchess.com"]
[Source "ChessBase"]
[SourceQuality "1"]

{[%evp 10,29,8,6,18,13,41,0,4,-5,41,41,34,0,6,0,0,-2,8,0,0,-4]} 1. e4 c5 2. Be2 Nc6 3. f4 g6 4. Nf3 Bg7 5. O-O d6 6. d3 e5 {B21: Sicilian: 2 f4 and Morra Gambit.} 7. c3 Nf6 8. Kh1 O-O {[#]} 9. Na3 $146 ({Predecessor:} 9. fxe5 dxe5 10. Bg5 h6 11. Be3 Qe7 12. Nbd2 Be6 13. Qe1 b6 14. Nh4 Bg4 15. Bd1 Bxd1 16. Rxd1 {1-0 (73) Bulmaga,I (2237)-Hall,J (2222) England 2017}) 9... Re8 10. fxe5 dxe5 11. Qe1 h6 {The position is equal.} 12. Qh4 Nh5 13. Qf2 Qe7 14. Be3 b6 15. Nd2 {Weighted Error Value: White=0.09/Black=0.08} 1/2-1/2

[Event "Young Talents Mukachevo 2020"]
[Site "Mukachevo"]
[Date "2020.11.28"]
[Round "9.2"]
[White "Osadchuk, Dmitry"]
[Black "Lymar, Vladislav"]
[Result "0-1"]
[WhiteElo "2173"]
[BlackElo "2147"]
[Annotator "TA"]
[PlyCount "108"]
[EventDate "2020.11.23"]
[EventType "tourn"]
[EventCountry "UKR"]
[SourceTitle "playchess.com"]
[Source "ChessBase"]
[SourceQuality "1"]

{[%evp 11,108,33,34,35,42,16,47,47,61,42,47,50,51,41,58,18,29,31,23,23,20,23,21,22,21,23,40,31,43,25,29,26,29,20,41,46,39,18,30,18,25,0,25,23,17,0,34,37,37,0,0,0,0,0,0,-52,-56,-53,-70,-60,-45,-76,-75,-119,-117,-118,-114,-101,-113,-143,-140,-137,-134,-146,-112,-146,-147,-254,-243,-304,-312,-302,-306,-297,-285,-417,-386,-410,-391,-674,-652,-520,-247,-1314,-1270,-826,-740,-1300,-1237]} 1. e4 c5 2. Nf3 g6 3. c4 Bg7 4. d4 cxd4 5. Nxd4 Nc6 6. Be3 Qb6 {[%cal Rc6d4]} 7. Nb3 {B38: Sicilian: Maroczy Bind with 5...Bg7 and 7...0-0.} Qd8 8. Nc3 (8. Qd2 {is more complex.} Nf6 9. f3 d6 10. Nd4 O-O 11. Nc3) 8... Nf6 9. Be2 {White is slightly better.} O-O 10. O-O d6 11. f3 Be6 12. Rc1 Nd7 13. Nd4 Nxd4 14. Bxd4 Bxd4+ 15. Qxd4 Qb6 16. Qxb6 Nxb6 17. b3 {[#]} a5 $146 ({Predecessor:} 17... Bd7 18. Rfd1 f5 19. Bd3 Kg7 20. exf5 Bxf5 21. Bxf5 Rxf5 22. Rc2 Re5 23. Re2 Rxe2 24. Nxe2 Nd7 25. Nc3 Ne5 {½-½ (60) Ossolinski,L (1327)-Bartczak,H (1411) Warsaw 2019}) 18. f4 f6 19. Nb5 Rac8 20. Nd4 Bd7 21. Bf3 Rc5 22. Nc2 Rc7 23. Rfe1 Rd8 24. Kf2 Bc6 25. Rcd1 Nd7 26. Rd2 Ra8 27. Nd4 Kf7 28. h4 a4 (28... e5 $5 {[%cal Re5d4]} 29. Nxc6 Rxc6 $14) 29. b4 Nb6 30. c5 dxc5 31. bxc5 Nd7 32. Rc1 Ra5 33. Rdc2 (33. Nxc6 $11 bxc6 34. g4) 33... e5 $15 34. fxe5 fxe5 35. Ne2 Bb5 36. Nc3 Rxc5 {Black converts the advantage convincingly.} 37. Nxb5 Raxb5 38. Be2 Rxc2 39. Rxc2 $17 {[%mdl 4096] Endgame KRB-KRN} Rb4 40. Rc7 {[#]} Ke8 $1 41. Ke3 Kd8 42. Rc2 b6 43. g4 Nc5 44. Rd2+ (44. Bc4 $17) 44... Ke7 $19 45. Bf3 a3 46. Rd5 Rb2 47. Rxe5+ {[#]} Kf8 $1 48. Rd5 (48. Be2 $142 Rxa2 49. Bb5) 48... Rxa2 49. Rd8+ Ke7 50. Rh8 $2 (50. Ra8 Ra1 51. Be2) 50... Rb2 {Hoping for ...Nb3.} 51. Rxh7+ Ke6 (51... Kd6 $142 52. Ra7 a2) 52. Be2 $2 (52. Ra7 Rb3+ 53. Kf2) 52... Rb4 {Black is clearly winning.} 53. Ra7 Na4 {aiming for ...a2.} 54. g5 a2 {Weighted Error Value: White=0.45/Black=0.09} 0-1

[Event "Young Talents Mukachevo 2020"]
[Site "Mukachevo"]
[Date "2020.11.28"]
[Round "9.3"]
[White "Samunenkov, Ihor"]
[Black "Lozynskyi, Bohdan"]
[Result "0-1"]
[WhiteElo "2142"]
[BlackElo "2077"]
[Annotator "ChessBase"]
[PlyCount "96"]
[EventDate "2020.11.23"]
[EventType "tourn"]
[EventCountry "UKR"]
[SourceTitle "playchess.com"]
[Source "ChessBase"]
[SourceQuality "1"]
[TimeControl "40/5400+30:900+30"]

1. d4 {[%emt 0:00:00]} d5 {[%emt 0:00:00]} 2. Nf3 {[%emt 0:00:00]} Nf6 {[%emt 0:00:00]} 3. g3 {[%emt 0:00:00]} e6 {[%emt 0:00:00]} 4. Bg2 {[%emt 0:00:03]} Be7 {[%emt 0:00:00]} 5. c4 {[%emt 0:00:22]} O-O {[%emt 0:00:04]} 6. O-O {[%emt 0:00:05]} dxc4 {[%emt 0:00:03]} 7. Qa4 {[%emt 0:00:06]} a6 {[%emt 0:00:07]} 8. Qxc4 {[%emt 0:00:06]} b5 {[%emt 0:00:03]} 9. Qc2 {[%emt 0:00:08]} Bb7 {[%emt 0:00:02]} 10. Bd2 {[%emt 0:00:07]} Be4 {[%emt 0:00:04]} 11. Qc1 {[%emt 0:00:24]} c6 {[%emt 0:00:08]} 12. Rd1 {[%emt 0:00:12]} Nbd7 {[%emt 0:00:21]} 13. Nc3 {[%emt 0:02:23]} Bg6 {[%emt 0:00:08]} 14. a3 {[%emt 0:00:07]} Rc8 {[%emt 0:00:07]} 15. b4 {[%emt 0:07:33]} Nd5 {[%emt 0:00:55]} 16. Re1 {[%emt 0:04:26]} N5b6 {[%emt 0:10:59]} 17. Bg5 {[%emt 0:06:04]} f6 {[%emt 0:05:36]} 18. Bf4 {[%emt 0:08:25]} Nc4 {[%emt 0:04:03]} 19. Bh3 {[%emt 0:08:50]} Bf5 20. Bxf5 {[%emt 0:07:37]} exf5 {[%emt 0:06:23]} 21. Qc2 {[%emt 0:00:48]} g6 {[%emt 0:01:34]} 22. e4 {[%emt 0:07:48]} fxe4 23. Nxe4 {[%emt 0:01:13]} Ndb6 {[%emt 0:04:51]} 24. Nc5 {[%emt 0:05:49]} Bxc5 {[%emt 0:03:55]} 25. dxc5 {[%emt 0:00:18]} Nd5 {[%emt 0:00:07]} 26. Bh6 {[%emt 0:06:00]} Re8 {[%emt 0:01:24]} 27. Rxe8+ {[%emt 0:02:24]} Qxe8 {[%emt 0:00:02]} 28. Re1 {[%emt 0:00:12]} Qd7 {[%emt 0:01:46]} 29. Nd2 {[%emt 0:02:53]} Nxd2 {[%emt 0:03:08]} 30. Bxd2 {[%emt 0:01:46]} Re8 {[%emt 0:00:47]} 31. Rxe8+ {[%emt 0:02:41]} Qxe8 {[%emt 0:00:05]} 32. a4 {[%emt 0:00:13]} Qe2 {[%emt 0:02:11]} 33. axb5 {[%emt 0:00:55]} axb5 {[%emt 0:00:17]} 34. Qa2 {[%emt 0:02:01]} g5 {[%emt 0:04:49]} 35. h4 {[%emt 0:05:08]} gxh4 {[%emt 0:02:05]} 36. gxh4 {[%emt 0:00:05]} Qg4+ {[%emt 0:00:51]} 37. Kh2 {[%emt 0:02:24]} Qxh4+ {[%emt 0:00:17]} 38. Kg1 {[%emt 0:00:13]} Qg4+ {[%emt 0:00:23]} 39. Kh2 {[%emt 0:00:05]} Qe2 {[%emt 0:02:55]} 40. Kg3 {[%emt 0:00:00]} Kf7 {[%emt 0:00:00]} 41. Qc2 {[%emt 0:02:15]} Qe5+ {[%emt 0:03:46]} 42. Kg2 {[%emt 0:01:39]} f5 {[%emt 0:01:55]} 43. Qa2 {[%emt 0:01:22]} Qe4+ {[%emt 0:00:36]} 44. Kg1 {[%emt 0:01:27]} Qg4+ {[%emt 0:00:57]} 45. Kh2 {[%emt 0:00:06]} f4 {[%emt 0:03:08]} 46. Qa7+ {[%emt 0:01:07]} Ne7 {[%emt 0:03:27]} 47. Qc7 {[%emt 0:02:00]} Qh5+ {[%emt 0:00:54]} 48. Kg1 {[%emt 0:00:28]} Qd1+ {[%emt 0:00:03]} 0-1

[Event "Young Talents Mukachevo 2020"]
[Site "Mukachevo"]
[Date "2020.11.29"]
[Round "10.1"]
[White "Petrovskiy, Vadim"]
[Black "Samunenkov, Ihor"]
[Result "1/2-1/2"]
[WhiteElo "2108"]
[BlackElo "2142"]
[Annotator "TA"]
[PlyCount "61"]
[EventDate "2020.11.23"]
[EventType "tourn"]
[EventCountry "UKR"]
[SourceTitle "playchess.com"]
[Source "ChessBase"]
[SourceQuality "1"]

{[%evp 21,61,-17,25,-6,12,17,19,9,12,9,20,8,9,9,15,0,25,0,26,22,30,25,48,8,20,0,10,0,0,0,0,0,0,0,0,0,0,0,0,0,0,0]} 1. e4 c6 2. d4 d5 3. Nc3 dxe4 4. Nxe4 Bf5 5. Ng3 Bg6 6. h4 h6 7. Nf3 e6 8. h5 Bh7 9. Bd3 Bxd3 10. Qxd3 Nf6 11. Bf4 Bd6 12. Ne5 {B19: Classical Caro-Kann: 4...Bf5 main line.} Qc7 (12... Bxe5 {feels hotter.} 13. Bxe5 Qa5+ 14. c3 Nbd7 15. Qe2 O-O) 13. O-O-O Nbd7 14. Ne4 Nxe4 15. Qxe4 O-O-O 16. Kb1 Nxe5 17. dxe5 Bc5 18. f3 {[#]} Qb6 $146 ({Predecessor:} 18... Rxd1+ 19. Rxd1 Rd8 20. Rd3 Rxd3 21. Qxd3 Qd8 22. Qe2 Qd4 23. Bc1 Qf2 24. Qxf2 Bxf2 {½-½ (101) Vuilleumier,A (2315)-Borg,A (2116) Hoogeveen 2007}) 19. c3 Rd5 20. Rxd5 cxd5 21. Qd3 Kb8 22. g4 Rc8 {The position is equal.} 23. Re1 a5 24. Be3 a4 25. Bxc5 Qxc5 $11 {[%mdl 4096] Endgame KQR-KQR} 26. Qe3 Qb5 27. a3 Qb3 28. Rc1 Rc4 29. Qd2 d4 30. cxd4 Rxc1+ 31. Qxc1 {Weighted Error Value: White=0.08/Black=0.08} 1/2-1/2

[Event "Young Talents Mukachevo 2020"]
[Site "Mukachevo"]
[Date "2020.11.29"]
[Round "10.2"]
[White "Lozynskyi, Bohdan"]
[Black "Osadchuk, Dmitry"]
[Result "1/2-1/2"]
[WhiteElo "2077"]
[BlackElo "2173"]
[Annotator "TA"]
[PlyCount "88"]
[EventDate "2020.11.23"]
[EventType "tourn"]
[EventCountry "UKR"]
[SourceTitle "playchess.com"]
[Source "ChessBase"]
[SourceQuality "1"]

{[%evp 9,88,0,4,2,-1,1,35,27,45,40,66,60,106,58,132,116,143,141,193,187,205,177,244,233,280,196,187,192,188,185,182,131,166,126,133,127,128,111,112,68,62,62,109,54,41,134,100,106,129,153,231,208,231,231,238,0,126,85,80,0,0,0,0,0,10,10,11,5,22,11,40,40,40,40,68,68,68,0,0,0,0]} 1. e4 c5 2. Be2 Nf6 3. d3 d5 4. e5 Nfd7 5. f4 Nc6 6. Nf3 {B31: Sicilian: 2...Nc6 3 Bb5 g6.} e6 7. O-O g6 8. c3 {White is slightly better.} b6 9. d4 a5 {[#]} 10. Na3 $146 ({Predecessor:} 10. Be3 Ba6 11. Nbd2 Bxe2 12. Qxe2 c4 13. b3 cxb3 14. axb3 Be7 15. Ne1 h5 16. c4 {1-0 (43) Harshad,S (1483)-Lorenzo de la Riva,L (2357) Sabadell 2019}) 10... Ba6 11. Nb5 Bxb5 (11... Be7 $14) 12. Bxb5 $16 Na7 13. Bd3 c4 (13... Nc6 $16 {keeps fighting.}) 14. Bc2 $18 b5 15. g4 Qb6 (15... Be7 $142 16. f5 Nc6) 16. f5 Nc6 17. fxe6 fxe6 18. Kh1 O-O-O 19. Bg5 Re8 20. Qd2 (20. b3 $18) 20... Be7 {[#]} 21. Bxe7 $1 Rxe7 22. Qh6 Qd8 23. Ng5 {And now Nf7 would win.} Qe8 24. Rae1 Nd8 25. Kg2 Nf7 26. Nxf7 Rxf7 27. Rxf7 Qxf7 28. Rf1 Qg8 29. Rf3 Kd8 (29... Kc7 $16 30. b3 Qe8) 30. Rh3 Nf8 31. Qg5+ Ke8 32. Qh6 $2 {[#]} ({White should play} 32. Qf6 $18) 32... Qf7 (32... Kd8 $1 $11) 33. Rf3 Qe7 34. Qf4 (34. b3 $16) 34... Nd7 $11 35. Qe3 Rf8 36. Rxf8+ Qxf8 37. h4 Qe7 38. Kg3 Qf7 39. Qf4 Qxf4+ 40. Kxf4 {Hoping for Kg5.} Kf7 41. a4 b4 42. cxb4 axb4 43. a5 (43. b3 $1 $14) 43... b3 44. Bb1 $1 {Threatens to win with a6.} Nb8 {Weighted Error Value: White=0.19/Black=0.26} 1/2-1/2

[Event "Young Talents Mukachevo 2020"]
[Site "Mukachevo"]
[Date "2020.11.29"]
[Round "10.3"]
[White "Lymar, Vladislav"]
[Black "Prokofiev, Valentyn"]
[Result "1/2-1/2"]
[WhiteElo "2147"]
[BlackElo "2095"]
[Annotator "TA"]
[PlyCount "118"]
[EventDate "2020.11.23"]
[EventType "tourn"]
[EventCountry "UKR"]
[SourceTitle "playchess.com"]
[Source "ChessBase"]
[SourceQuality "1"]

{[%evp 20,118,-2,0,26,-12,-2,-10,10,-33,-26,-36,-24,-33,-41,-59,-13,-68,-14,-66,-56,-49,-50,-83,-22,-14,-25,-22,-13,-101,-98,-102,-54,-53,-39,-37,-29,-91,-54,-70,0,0,0,0,0,0,0,0,0,0,0,-40,-24,-43,-10,-16,0,0,25,25,25,25,37,37,35,20,21,8,10,0,0,0,0,0,0,0,0,0,0,0,0,0,0,0,8,8,8,8,8,8,8,8,8,8,8,8,8,8,8,0,0]} 1. d4 Nf6 2. Nf3 e6 3. c4 b6 4. g3 Bb7 5. Bg2 Be7 6. O-O O-O 7. Nc3 Ne4 8. Qc2 Nxc3 9. Qxc3 f5 10. Ne5 Bxg2 11. Kxg2 Nc6 {[#] E19: Queen's Indian: Old Main Line with 7...Ne4 8 Qc2 Nxc3 8 Qxc3.} 12. Qe3 $146 ({Predecessor:} 12. Nxc6 dxc6 13. Rd1 Qd7 14. Bf4 Bd6 15. Be5 Rf7 16. f4 Rd8 {½-½ (16) Abdul,M (2191)-Roktim,B (2389) Dhaka 2005}) 12... Nxe5 13. dxe5 Bc5 14. Qf3 Bd4 15. Qf4 c5 16. Be3 $1 {[%cal Re3d4]} Bxb2 17. Rad1 Rf7 18. h4 (18. Rd2 $11 Bc3 19. Rd3) 18... h6 (18... Qb8 $15 19. Rd6 Qb7+ 20. Kg1 Qa6) 19. h5 (19. Rb1 $11 Bc3 20. Rb3) 19... Qc7 20. Rd6 $1 Qb7+ 21. Kh2 $1 {[#]} Qe4 ({Black should try} 21... Qa6 $1 $17 22. Rfd1 Qa4) 22. Qxe4 $11 fxe4 23. Bf4 {[#]} e3 $1 {[%mdl 512]} 24. f3 (24. Rd3 $11 {keeps the balance.}) (24. fxe3 Bxe5) 24... Bd4 $17 25. a4 Rc8 26. Rb1 Rc6 27. Rxc6 dxc6 $15 {[%mdl 4096] Endgame KRB-KRB} 28. Kg2 (28. Rb3 $1 $11) 28... Kh7 29. Rb3 g5 (29... Rf5 $15) 30. hxg6+ Kxg6 31. Bxe3 Bxe5 {[#]} 32. a5 $1 {[%mdl 512]} Bc7 (32... bxa5 33. Bxc5) 33. axb6 axb6 34. Rd3 h5 35. Kh3 Kf5 36. Kh4 Rg7 37. Bf2 b5 38. e4+ Kf6 39. f4 bxc4 40. Rc3 Bxf4 41. gxf4 $11 {KRB-KR} Rg4+ 42. Kxh5 Rxf4 {The position is equal.} 43. Bh4+ Ke5 44. Bg3 Kd4 45. Bxf4 Kxc3 {KB-KP} 46. Kg4 Kd3 47. Kf3 c3 48. e5 c2 49. Bc1 c4 50. Kf2 c3 51. Kf3 c5 52. Be3 c4 53. Kf4 {[#]} c1=Q $1 {[%mdl 512]} 54. Bxc1 {Strongly threatening Be3. KB-K3P} Kd4 $1 55. Be3+ Kd5 56. Bf2 c2 57. Be3 c3 58. Bc1 {Black must now prevent Be3.} Kd4 $1 59. Be3+ Kd5 {Weighted Error Value: White=0.13/Black=0.14} 1/2-1/2